| 000 | 00612nam a22002057a 4500 | ||
|---|---|---|---|
| 005 | 20170124110247.0 | ||
| 010 | _aA-370863 | ||
| 020 |
_c00.00 _a9231025392 |
||
| 035 | _aA-370863 | ||
| 037 | _bCen Lib/Ret | ||
| 040 |
_aDPL _bEN |
||
| 082 |
_a330.124 _bINN |
||
| 245 | _aInnovative approaches to development planning. | ||
| 260 |
_aParis _bUNESCO _c1988 |
||
| 270 |
_bParis _a7 place de Fontenoy _e75700 |
||
| 300 |
_a266p. _c21cm(Hb) |
||
| 650 |
_aEconomic development. _91481 |
||
| 650 |
_aDesenvolvimento Socio-economico -- Planejamento. _997700 |
||
| 942 |
_2ddc _cEN _h330.124 _mINN |
||
| 999 |
_c135572 _d135572 |
||